1505 1769 1643 1240 2000 1912 1263 1951 1517 1208 1640 1330 1390 1862 1632 1413 1243 1173 1875 1642 1696 1296 1823 1445 1552 1724 1233 1954 1053 1653 1674 1823 1248 1803 1409 1997 1999 1065 1539 1161 1164 1283 1940 1021 1051 1678 1740 1643 1496 1110 1890 1010 1398 1711 1585 1027 1757 1147 1547 1689 1842 1323 1867 1569 1410 1268 1786 1188 1353 1121 1771 1688 1459 1223 1003 1604 1278 1426 1893 1508 1675 1604 1054 1645 1692 1345 1915 1990 1869 1380 1125 1716 1912 1549 1138 1108 1834 1274 1504 BCNSPRNW ULIB Ver.6.0+V

เปลี่ยนเป็นภาษาไทย

Change to English
 แสดงรายละเอียดบรรณานุกรม
  กลับหน้าหลัก

Brief Record : Get Marc (ISO 2709) : E-mail record : QR code < ปิดหน้าต่าง
LEADER : 00000nam 2200000uu 4500
001    13399126780
003     ULIB
008    190305s2561||||th 000 0 tha d
020    ^a9786164682368
060    ^aWS100^bภ493ก
100    ^aภาสกร ศรีทิพย์สุโข. จัดทำโดย ภาสกร ศรีทิพย์สุโข, อรพรรณ โพชนุกูล, พินัยลัค ตันติลีปิกร เอิร์ด. อรพรรณ โพชนุกูล. พินัยลัค ตันติลีปิกร
245    ^aการวัดคุณภาพชีวิตด้านสุขภาพในเด็ก =^bMeasuring health-related quality of life in children /^cภาสกร ศรีทิพย์สุโข
250    ^aพิมพ์ครั้งที่ 1
260    ^aปทุมธานี :^bโรงพิมพ์มหาวิทยาลัยธรรมศาสตร์,^c2561
300    ^a128 หน้า;^b26 ซม.
650    ^aคุณภาพชีวิต^xการวัด
650    ^aเด็ก^xสุขภาพและอนามัย
945    ^p150^l0^i27226
945    ^p150^l0^i27227
945    ^p150^l0^i27228
945    ^p150^l0^i27229
999    ^aกัณชพร จุลอักษร
รายการนี้ยังไม่มีแท็ก
คุณยังไม่ได้ล็อกอิน คุณสามารถมีกิจกรรมร่วมกับเว็บไซต์ได้ แต่ต้องล็อกอินก่อน ::
  ล็อกอิน

รายการสื่อสารสนเทศ

ลำดับที่ ประเภท เลขเรียก/บาร์โค้ด สถานที่ สถานะ
1. หนังสือสำรอง
หนังสือสำรอง
WS100 ภ493ก ฉ.1 
  Barcode: 27226
ห้องสมุดวิทยาเขตนครสวรรค์
►หนังสือทั่วไป:l:General Books
บนชั้น
2. วิทยาศาสตร์การแพทย์ และสุขภาพ
วิทยาศาสตร์การแพทย์ และสุขภาพ
WS100 ภ493ก ฉ.2 
  Barcode: 27227
ห้องสมุดวิทยาเขตนครสวรรค์
►หนังสือทั่วไป:l:General Books
บนชั้น
3. วิทยาศาสตร์การแพทย์ และสุขภาพ
วิทยาศาสตร์การแพทย์ และสุขภาพ
WS100 ภ493ก ฉ.3 
  Barcode: 27228
ห้องสมุดวิทยาเขตนครสวรรค์
►หนังสือทั่วไป:l:General Books
บนชั้น
4. วิทยาศาสตร์การแพทย์ และสุขภาพ
วิทยาศาสตร์การแพทย์ และสุขภาพ
WS100 ภ493ก ฉ.4 
  Barcode: 27229
ห้องสมุดวิทยาเขตนครสวรรค์
►หนังสือทั่วไป:l:General Books
บนชั้น

รายการใกล้เคียง
    ผู้แต่ง [ภาสกร ศรีทิพย์สุโข. จัดทำโดย ภาสกร ศรีทิพย์สุโข, อรพรรณ โพชนุกูล, พินัยลัค ตันติลีปิกร เอิร์ด. อรพรรณ โพชนุกูล. พินัยลัค ตันติลีปิกร]

BibComment


ยังไม่เคยถูกคอมเมนท์

คอมเมนท์ทรัพยากรรายการนี้
  คอมเมนท์: การวัดคุณภาพชีวิ..


 Copyright 2026. Bcnsprnw @Library